| 000 | 00779nam a2200265 a 4500 | ||
|---|---|---|---|
| 001 | 58599 | ||
| 003 | BD-RJUL | ||
| 005 | 20211209080635.0 | ||
| 008 | 750508s1974 ii cf b 011 0 engs | ||
| 020 | _cRs50.00 ( 8.75 U.S.) | ||
| 035 | _a(BD-RJUL)58723 | ||
| 040 |
_aDLC _cDLC _dBD-RJUL _beng |
||
| 041 | _aeng | ||
| 082 |
_223 _a330 _bECO 1974 |
||
| 090 |
_aHB34 _b.E255 |
||
| 099 | _aHB34.E255 | ||
| 245 | 0 | 0 |
_aEconomic theory and planning : _bessays in honour of A. K. Das Gupta / _cedited by Ashok Mitra. |
| 260 |
_aCalcutta : _bOxford University Press, _c1974. |
||
| 300 |
_axvi, 326 p. ; _c22 cm. |
||
| 500 | _aIncludes index. | ||
| 650 | 0 |
_aEconomics. _9170576 |
|
| 700 | 1 |
_aDasgupta, Ajit Kumar. _9174132 |
|
| 700 | 1 |
_aMitra, Asok, _d1917- _9174133 |
|
| 942 |
_2ddc _cBK |
||
| 999 |
_c58599 _d58599 |
||